MARC

Tag First Indicator Second Indicator Subfields
LEADER 00000cam a22000008a 4500
001 in00000028037
005 20151007055942.0
008 871022s1988 nmua b s00000 eng
010 |a  87030132  
035 |a (OCoLC)16950325 
035 |9 AAB9726AM 
040 |a DLC  |c DLC  |d TXA  |d UtOrBLW 
049 |a TXAM  |c [A10937840] 
050 0 0 |a TD395  |b .S58 1988 
082 0 |a 551.48/2/09154  |2 19 
245 0 0 |a Small water impoundments in semi-arid regions /  |c edited by John L. Thames and Charles D. Ziebell. 
250 |a 1st ed. 
263 |a 8805 
264 1 |a Albuquerque :  |b University of New Mexico Press,  |c [1988] 
264 4 |c ©1988 
300 |a xiii, 162 pages :  |b illustrations 
336 |a text  |b txt  |2 rdacontent 
337 |a unmediated  |b n  |2 rdamedia 
338 |a volume  |b nc  |2 rdacarrier 
490 1 |a Contributions of the Committee on Desert and Arid Zones Research of the Southwestern and Rocky Mountain Division of the American Association for the Advancement of Science ;  |v vol. 22 
500 |a Based on a symposium held in Lubbock, Texas in March and sponsored by the Committee on Desert and Arid Zone Research of the American Association for the Advancement of Science. 
504 |a Includes bibliographies. 
505 0 |a Water resources of small impoundments in dry regions / Kenneth G. Renard -- Limnologic features of reservoirs in arid lands / Gerald A. Cole -- Pond limnology, with applications to arid-area ponds / William J. Clark -- Fish communities of small impoundments of semi-arid areas / Richard L. Noble -- Development of high pH in mountain Lakes of the southwest / Charles D. Ziebell and David E. Jones -- Ecology of small desert playas / Steven J. Loring, William P. MacKay, and Walter B. Whitford -- Playa lakes / Eric G. Bolen and Paul N. Gray -- Water impoundments in the arid environment / Jon E. Rodiek. 
650 0 |a Reservoirs  |x Arid regions. 
650 0 |a Ponds  |x Arid regions. 
650 0 |a Playas  |x Arid regions. 
650 0 |a Water use  |x Arid regions. 
650 0 |a Limnology  |x Arid regions. 
650 0 |a Aquatic ecology. 
700 1 |a Thames, John L. 
700 1 |a Ziebell, Charles D. 
710 2 |a American Association for the Advancement of Science.  |b Committee on Desert and Arid Zones Research. 
830 0 |a Contribution ... of the Committee on Desert and Arid Zones Research ;  |v v. 22. 
999 |a MARS 
999 f f |s 2e82eae6-6e8d-33ff-b179-ebad5e0c0732  |i c9289f3d-6855-327a-8472-db5094e4091e  |t 0 
952 f f |p ric  |a Texas A&M University  |b Rellis Campus  |c Joint Library Facility  |d Remote Storage  |t 0  |e TD395 .S58 1988  |h Library of Congress classification  |i unmediated -- volume  |m A14810937840 
998 f f |a TD395 .S58 1988  |t 0  |l Remote Storage